000 00332nam a22001337a 4500
008 180201b xxu||||| |||| 00| 0 eng d
020 _a0875531180
041 _aeng
080 _a612.39
100 _a10
101 _aNUT
245 _aStandart methods for the examination of diary products
_cRichardson,G.H
942 _2udc
_cBK
999 _c41551
_d41551